The 10 Worst Flags of the World According to AI - Statistics

General Stats
  • This quiz has been taken 35 times
  • The average score is 4 of 10
Answer Stats
Rank Country Flag % Correct
3 Afghanistan
67%
5 Saudi Arabia
57%
1 Belize
40%
2 Turkmenistan
40%
7 Mozambique
37%
8 Spain
33%
6 Honduras
30%
9 Sri Lanka
27%
10 Paraguay
13%
4 Guatemala
7%
No matching quizzes found
Score Distribution
Percent of People with Each Score
Percentile by Number Answered
Your Score History
You have not taken this quiz